01374nam a2200289Ia 450000500170000000800410001702000150005808200200007310000260009324501410011925000190026030000510027965000400033065000450037065000280041570000400044394200120048326400500049533600270054533700330057233800280060504000350063399900150066895201350068395201310081895201350094920220317000812.0160601s2005 ck a g 000 0 spa  a958957951504a346.0482 bR29o1 aReyes, Yolandad1959-14aLos oficios de la imaginación bguía de derecho de autor para nuevos creadores cTexto de Yolanda Reyes ; ilustraciones Ivar Da Coll a1a. edición  a46 páginas bilustraciones en color c23 cm 142LEMBaDerechos de autor zColombia 142LEMBaDerechos de autor xLegislación 142LEMBaArte de escribir 1 aDa Coll, Ivareilustraciones 91562 2ddccBK aBogotá bDirección de Cultura - UCVc2005 atextobtxt2rdacontent asin mediaciónbn2rdamedia avolumenbnc2rdacarrier aCO-BoRNBPbspaerdacCO-BoRNBP c5098d5098 00102ddc40708GENaMEMAPIRIbMEMAPIRIcGENd2023-07-12l0o346.0482 R29opMAP0000373r2023-07-12 00:00:00tEj.1w2023-07-12yBK 00102ddc40708GENaMEURIBEbMEURIBEcGENd2024-07-19l0o346.0482 R29opURI00409r2024-07-19 10:41:54tEj.1w2024-07-19yBK 00102lcc40708GENaMEPCONCObMEPCONCOcGENd2026-02-06l0o346.0482 R29opPCON00756r2026-02-06 14:06:09tEj.1w2026-02-06yBK